| 000 | 01665nam a22004217a 4500 | ||
|---|---|---|---|
| 003 | CHAP | ||
| 005 | 20220329143601.0 | ||
| 008 | 100722s2010 mx r 00010 spa d | ||
| 010 | _a98858 | ||
| 011 | _a99830 | ||
| 035 | _a110516 | ||
| 040 | _cCHAP | ||
| 090 | _aTesis | ||
| 100 | 1 |
_aMaldonado Barrera, Anay _970079 |
|
| 245 | 1 | 0 |
_aEvaluación de modelos no lineares para el ajuste de las curvas de crecimiento de corderos _c/por Anay Maldonado Barrera |
| 260 |
_aChapingo, Méx. : _bEl autor, _c2010 |
||
| 300 |
_axi, 63 h. : _bilus., cuadros, gráfs. |
||
| 502 | _aTesis (Ing. Agr. Esp. en Zootecnia) -- UACH. Departamento de Enseñanza, Investigación y Servicio en Zootecnia | ||
| 530 | _aTambién disponible en línea | ||
| 590 |
_aALEPH _b10 _c20130110 _lUCH01 _h1535 |
||
| 590 |
_aBATCH-UPD _b10 _c20130110 _lUCH01 _h1227 |
||
| 590 |
_aBATCH-UPD _b10 _c20130410 _lUCH01 _h0759 |
||
| 590 |
_aBATCH-UPD _b10 _c20130914 _lUCH01 _h0849 |
||
| 590 |
_aBATCH-UPD _b10 _c20140324 _lUCH01 _h1518 |
||
| 590 |
_aBATCH-UPD _b10 _c20141002 _lUCH01 _h0844 |
||
| 590 |
_aCONVERSION _b10 _c20130109 _lUCH01 _h1355 |
||
| 650 | 1 | 4 |
_aAlimentos y alimentacion del ganado. _94326 |
| 650 | 1 | 4 |
_aCarne de borrego _xProducción. _919122 |
| 650 | 1 | 4 |
_aDietas. _932541 |
| 650 | 1 | 4 |
_aGanado lanar _xCrecimiento. _945166 |
| 650 | 1 | 4 |
_aGanado lanar _xMéxico (Edo.) _945200 |
| 650 | 1 | 4 |
_aGanado lanar _xPeso. _945211 |
| 856 |
_3Finding aid _uhttp://10.13.5.2/tesis/110516.pdf _zTeclea aqui |
||
| 901 | _aBK | ||
| 942 | _cFOLL | ||
| 949 |
_aTesis _bBC _cTES _d33724002179074 _eTS1 _gDonaciØn _h50824 _i110516 _sb |
||
| 949 |
_aTesis _bBC _cTES _d33724002179116 _eTS2 _fc.2 _gDonaciØn _h50825 _i110516 _sb |
||
| 999 |
_c98858 _d98858 |
||